000 00305nam a22001337a 4500
008 171101b xxu||||| |||| 00| 0 eng d
020 _a2900073314272
041 _aeng
080 _a33
100 _a59
101 _aBUS
245 _aBUSINESS COMMUNICATION AT WORK
_cSATTERWHITE, M.L
942 _2udc
_cBK
999 _c36937
_d36937